Регионална библиотека "Любен Каравелов" - Русе

Българско Средновековие (Запис номер 53867)

MARC детайли
000 -Лидер
Контролно поле с фиксирана дължина 01538nam a2200361 c 4500
003 - Код на организацията, давaща контролен номер
Контролно поле BLK
005 - Дата и час на последна редакция
Контролно поле 20250119004139.0
008 - Елементи от данни с фиксирана дължина
fixed length control field 180408b bul|||||r ||||||| ||bul||
010 ## - Наследен системен номер
LC control number KNG00057809000
020 ## - Международен стандартен номер на книга ISBN
Международен стандартен номер на книга ISBN 954-775-485-8
-- издат.: Фабер
040 ## - Източник на каталожния запис
Идентификатор на билиотеката - собственик на записа BLK
041 ## - Код за език
Код за езика на текст/звукозапис или на отделно заглавие Български
Код за езика КДБФ Български
080 ## - УДК
Текстов определител УДК България през периода на развития феодализъм (1018-1396)
УДК код - определител по УДК 94(497.2)"1018/1396"
УДК определител
УДК - код + определител 94(497.2)"1018/1396"
100 1# - Редна дума - Автор
Автор Панайотов, Панайот Илиев
Авторска отговорност първи автор
R(LIN) 366938
139 ## - Редно поле
Редна дума Панайотов, Панайот Илиев
Авторски знак Пан - П 17
245 10 - Сведения за заглавието
Заглавие Българско Средновековие
Подзаглавни данни Полит., икон. и култ. история на Бълг. ханство (VІІ-ІХ в.), княжество (ІХ-Х в.) и царство (Х-ХІV в.) : Извори, факти, мнения
Редно поле (дума) Панайот Илиев Панайотов.
257 ## - Страна на издаване
Страна на създаване/издаване България
260 ## - Област на издателските данни
-- В. Търново
Име на издателя, разпространителя и проч. Фабер
Година на издаване 2005
300 ## - Физическа характеристика
Страници 436 с.
Размери/Мащаб 24 см
380 ## - Жанр
Жанр История
500 ## - Общи забележки
Забележка В кн. означено 3. изд. - Библиогр. с. 436
504 ## - Забележка за наличие на библиография и др
Забележка за наличие на библиография и под. 436
650 #7 - Допълнително описание по предмет – тема
Основно описание – тема или топоним България - история, средни векове
Източник на редна или ключова дума
9 (RLIN) 149610
653 ## - Ключова дума – ненормативна
Ключова дума история
653 ## - Ключова дума – ненормативна
Ключова дума Средновековие
653 ## - Ключова дума – ненормативна
Ключова дума България
852 ## - Местоположение
Форматна сигнатура Цб 226202
856 4# - Електронен адрес и достъп
Електронен формат pdf - файл
Път до файла /url/
856 4# - Електронен адрес и достъп
Електронен формат pdf - файл
Път до файла /url/
942 ## - АРТИКУЛИ
Вид на библиотечния материал Книги
Скрит в OPAC Не
944 ## - СЪЗДАВАНЕ И РЕДАКЦИЯ на ЗАПИСА
Създаване/Редакция Създаване
Дата на регистрацията/редакция 24.01.2006
Служител, извършил регистрацията/редакцията
Статус, дата на статуса CRON CRON
944 ## - СЪЗДАВАНЕ И РЕДАКЦИЯ на ЗАПИСА
Създаване/Редакция Редакция
Дата на регистрацията/редакция 07.05.2007
Служител, извършил регистрацията/редакцията
999 ## - СИСТЕМНИ КОНТРОЛНИ НОМЕРА
Koha biblionumber 53867
Koha biblioitemnumber 53867
Наличности
Код за отписване Код за изгубен артикул Източник на класификационната схема Код за повреда Коз за рестрикции Код за отдаване Артикулен № Име на библиотеката - собственик Име на библиотеката, в която се намира в момента Статус (Текущо местоположение) Дата на вписване в системата Местоположение - отдел Цена в лева Инвентарен номер Систематично азбучна сигнатура Баркод Номер на екземпляра Цена в евро Служебна бележка Служебен тип на артикула
  Не е изгубен Universal Decimal Classification Не е повреден без рестрикции ползва се в читалня 84822 Регионална библиотека "Любен Каравелов" Русе Регионална библиотека "Любен Каравелов" Русе Читалня 2006-01-24 Читалня 12.00 120000699555 Ч 94(497.2)/П 17 П 120000699555 1 6.14 Дост: Pk Вид: Ф N: 37649 Дата: 23.01.2006 Дата инв: 28.03.2017 Бележки инв: Ч2017 Книги
  Не е изгубен   Не е повреден без рестрикции ползва се в читалня 84823 Регионална библиотека "Любен Каравелов" Русе Регионална библиотека "Любен Каравелов" Русе Хранилище 2007-04-24 Хранилище 12.00 120000712794 Цб 226202 120000712794 2 6.14 Дост: Dp Вид: Д N: 43 Дата: 27.09.2006 Книги
Vip Innovations Ltd, Rousse, Bulgaria 2025